Sports Quiz

Random Sports Quiz

2014 F1 car chassis numbers Quiz Stats

 Plays Quiz not verified by Sporcle

Also try: NHL Closest Team
Challenge
Share
Tweet
Embed
Score 0/11 Timer 10:00
0 Plays Today
Manufacturer Chassis Number % Correct
Infiniti Red Bull RacingRB10
89.1%
Mercedes AMG PetronasW05
87.3%
Sahara Force IndiaVJM07
65.5%
McLaren MercedesMP4-29
65.5%
Williams F1 TeamFW36
61.8%
Sauber F1 TeamC33
56.4%
Lotus F1 TeamE22
56.4%
Scuderia FerrariF14-T
50.9%
Scuderia Toro RossoSTR09
49.1%
Marussia F1 TeamMR03
34.5%
Caterham F1 TeamCT05
27.3%

You're not logged in!

Compare scores with friends on all Sporcle quizzes.
Join for Free
OR
Log In

You Might Also Like...

Show Comments

Extras

Created Jun 24, 2017ReportNominate
Tags:Formula 1, motorsport

Top Quizzes Today


Score Distribution

Your Account Isn't Verified!

In order to create a playlist on Sporcle, you need to verify the email address you used during registration. Go to your Sporcle Settings to finish the process.

Report this User

Report this user for behavior that violates our Community Guidelines.

Details: